[Event "2. Bundesliga West 2017/18"]
[Site "Hotel Servus Europa"]
[Date "2018.03.10"]
[Round "10"]
[Board "3"]
[White "Binder, Moriz"]
[Black "Anistratov, Dmitrij"]
[Result "1/2-1/2"]
[WhiteElo "2218"]
[BlackElo "2274"]
[PlyCount "90"]
[EventDate "2017.10.13"]
[EventType "team"]
[EventRounds "11"]
[EventCountry "AUT"]
[WhiteTeam "Jenbach 2"]
[BlackTeam "Goetzis 2"]

1. d4 d6 2. Nf3 Nf6 3. c4 Nbd7 4. Nc3 c6 5. g3 e5 6. Bg2 Be7 7. O-O O-O 8. e4
a6 9. a4 a5 10. h3 Re8 11. Be3 exd4 12. Bxd4 Bf8 13. Qc2 Ne5 14. Nd2 Ng6 15.
Rad1 Nd7 16. f4 Qc7 17. Nf3 Nc5 18. Rfe1 f6 19. Qf2 b6 20. Qc2 Ba6 21. b3 Rad8
22. Bf2 Bb7 23. Nd4 Na6 24. h4 Nb4 25. Qe2 Bc8 26. Qf3 Bd7 27. h5 Nh8 28. g4
Nf7 29. Qg3 Nh6 30. Bf3 Qc8 31. Nf5 Bxf5 32. exf5 Rxe1+ 33. Bxe1 d5 34. cxd5
Bc5+ 35. Bf2 cxd5 36. Nxd5 Nxd5 37. Rxd5 Rxd5 38. Bxd5+ Kf8 39. Qf3 Nxg4 40.
Be6 Bxf2+ 41. Kg2 Qc7 42. Qxg4 Be3 43. Kg3 Bd4 44. Qf3 Qc3 45. Qxc3 Bxc3
 1/2-1/2

[Event "2. Bundesliga West 2017/18"]
[Site "Hotel Servus Europa"]
[Date "2018.03.10"]
[Round "10"]
[Board "4"]
[White "Mueller, Philipp"]
[Black "Hoellrigl, Wilfried"]
[Result "1-0"]
[WhiteElo "2220"]
[BlackElo "2204"]
[PlyCount "61"]
[EventDate "2017.10.13"]
[EventType "team"]
[EventRounds "11"]
[EventCountry "AUT"]
[WhiteTeam "Goetzis 2"]
[BlackTeam "Jenbach 2"]

1. e4 c5 2. Nf3 Nc6 3. d4 cxd4 4. Nxd4 Nf6 5. Nc3 e5 6. Ndb5 d6 7. Bg5 a6 8.
Na3 b5 9. Nd5 Be7 10. Bxf6 Bxf6 11. c4 b4 12. Nc2 a5 13. Qf3 Bg5 14. h4 Bxh4
15. Rxh4 Qxh4 16. Nc7+ Ke7 17. Nxa8 Bg4 18. Ne3 Bxf3 19. Nf5+ Ke6 20. Nxh4 Bxe4
21. Nc7+ Ke7 22. Nb5 h6 23. O-O-O Rd8 24. g4 g5 25. Bg2 Bxg2 26. Nxg2 Ke6 27.
Ne3 Ne7 28. c5 d5 29. Nc7+ Kf6 30. Ncxd5+ Nxd5 31. Rxd5  1-0

[Event "2. Bundesliga West 2017/18"]
[Site "Hotel Servus Europa"]
[Date "2018.03.10"]
[Round "10"]
[Board "5"]
[White "Fuchs, Georg"]
[Black "Mittelberger, Peter"]
[Result "0-1"]
[WhiteElo "2156"]
[BlackElo "2180"]
[PlyCount "70"]
[EventDate "2017.10.13"]
[EventType "team"]
[EventRounds "11"]
[EventCountry "AUT"]
[WhiteTeam "Jenbach 2"]
[BlackTeam "Goetzis 2"]

1. e4 d6 2. d4 g6 3. Nf3 Bg7 4. Bc4 Nf6 5. Qe2 O-O 6. Nc3 c6 7. a4 d5 8. exd5
cxd5 9. Bb3 Nc6 10. Bg5 Bg4 11. O-O-O e6 12. h3 Bxf3 13. Qxf3 h6 14. Bh4 g5 15.
Bg3 Rc8 16. Qe3 Qb6 17. f4 Nh5 18. Ne2 Nxd4 19. Rxd4 Nxg3 20. Qxg3 Bxd4 21.
fxg5 Bf2 22. Qg4 Qe3+ 23. Kb1 Qxg5 24. Qf3 Bc5 25. h4 Qe3 26. Qh5 Bd6 27. Rh3
Qe4 28. Qxh6 Qxe2 29. Qg5+ Kh7 30. c3 Qe5 31. Bc2+ f5 32. Qh5+ Kg7 33. g4 Qf4
34. gxf5 Rxf5 35. Bxf5 Qxf5+  0-1

[Event "2. Bundesliga West 2017/18"]
[Site "Hotel Servus Europa"]
[Date "2018.03.10"]
[Round "10"]
[Board "6"]
[White "Laske, Erich"]
[Black "Heinrich, Thomas"]
[Result "0-1"]
[WhiteElo "2051"]
[BlackElo "2148"]
[PlyCount "76"]
[EventDate "2017.10.13"]
[EventType "team"]
[EventRounds "11"]
[EventCountry "AUT"]
[WhiteTeam "Goetzis 2"]
[BlackTeam "Jenbach 2"]

1. c4 Nf6 2. Nc3 g6 3. e4 d6 4. d4 Bg7 5. Be2 O-O 6. Be3 e5 7. d5 Nbd7 8. g4
Nc5 9. f3 a5 10. h4 h5 11. g5 Nfd7 12. Qd2 a4 13. Nh3 a3 14. b4 Na4 15. Nxa4
Rxa4 16. Bd1 Ra8 17. Rc1 Qe7 18. Nf2 c5 19. Nd3 b6 20. Rc3 cxb4 21. Nxb4 Nc5
22. Qc1 Qa7 23. Nc6 Qa6 24. Be2 Bd7 25. Nb4 Qa5 26. Qb1 Na6 27. Rb3 Ba4 28. Bd2
Bxb3 29. Qxb3 Nc5 30. Qb1 Qa7 31. Nc6 Qc7 32. Qc1 Kh7 33. Bb4 f5 34. gxf6 Bh6
35. Qc3 Qf7 36. Bxa3 Qxf6 37. Nb4 Qf4 38. Kd1 Rxa3  0-1

[Event "2. Bundesliga West 2017/18"]
[Site "Hotel Servus Europa"]
[Date "2018.03.10"]
[Round "10"]
[Board "1"]
[White "Nayhebaver, Martin"]
[Black "Krivoborodov, Egor"]
[Result "1-0"]
[WhiteElo "2440"]
[BlackElo "2542"]
[PlyCount "52"]
[EventDate "2017.10.13"]
[EventType "team"]
[EventRounds "11"]
[EventCountry "AUT"]
[WhiteTeam "Bregenz"]
[BlackTeam "ASK Salzburg"]

1. e4 c5 2. Nf3 e6 3. d4 cxd4 4. Nxd4 Nc6 5. Nc3 d6 6. g3 Nf6 7. Bg2 Bd7 8.
Ndb5 Qb8 9. O-O a6 10. Nd4 Be7 11. Nb3 O-O 12. a4 Ne5 13. a5 b5 14. axb6 Qxb6
15. Na5 Rfc8 16. Ra2 Bd8 17. Bd2 Qb8 18. b3 Bb6 19. Na4 Ba7 20. Kh1 Qc7 21. c4
Nc6 22. Nb2 Bb6 23. Nxc6 Bxc6 24. f3 a5 25. Bc3 Nd7 26. Na4 Nc5 {66 moves}  1-0

[Event "2. Bundesliga West 2017/18"]
[Site "Hotel Servus Europa"]
[Date "2018.03.10"]
[Round "10"]
[Board "2"]
[White "Frank, Emanuel"]
[Black "Sergeev, Vladimir"]
[Result "1/2-1/2"]
[WhiteElo "2165"]
[BlackElo "2417"]
[PlyCount "128"]
[EventDate "2017.10.13"]
[EventType "team"]
[EventRounds "11"]
[EventCountry "AUT"]
[WhiteTeam "ASK Salzburg"]
[BlackTeam "Bregenz"]

1. d4 Nf6 2. c4 g6 3. Nc3 Bg7 4. e4 d6 5. Nf3 O-O 6. Be2 Bg4 7. Be3 Nfd7 8. Qd2
e5 9. d5 f5 10. Bg5 Qe8 11. Ng1 Bxe2 12. Ngxe2 f4 13. f3 Bf6 14. Bxf6 Rxf6 15.
Nc1 Nb6 16. b3 c5 17. dxc6 bxc6 18. Nd3 c5 19. Nd5 Rf7 20. Nf2 Nc6 21. h4 Nd4
22. h5 g5 23. Ng4 Kh8 24. O-O Rb8 25. Rab1 Rfb7 26. Nxb6 Rxb6 27. h6 Qe7 28.
Rfe1 Rb4 29. Kf2 Kg8 30. Rh1 Kh8 31. Qc3 Qf7 32. Qd2 R8b7 33. Qc3 Qe6 34. Qd2
Kg8 35. Qc3 Kf8 36. Rh5 Qg6 37. Rhh1 Ke7 38. Rb2 Qf7 39. Rhb1 Qe6 40. a3 R4b6
41. b4 cxb4 42. Rxb4 Qc8 43. c5 Qxc5 44. Qxc5 dxc5 45. Rxb6 Rxb6 46. Rxb6 axb6
47. Nxe5 b5 48. Ke1 Nc2+ 49. Kd2 Nxa3 50. Kc3 b4+ 51. Kb3 Ke6 52. Ng6 Kf7 53.
Ne5+ Ke7 54. Ng4 Ke6 55. e5 Nb5 56. Nf6 Nd4+ 57. Kc4 Nf5 58. Nxh7 Nxh6 59.
Nxg5+ Kxe5 60. Ne4 Nf5 61. Nxc5 Ne3+ 62. Kxb4 Nxg2 63. Nd3+ Kd4 64. Nxf4 Nxf4
 1/2-1/2

[Event "2. Bundesliga West 2017/18"]
[Site "Hotel Servus Europa"]
[Date "2018.03.10"]
[Round "10"]
[Board "3"]
[White "Dobosz, Henryk"]
[Black "Besner, Bernhard"]
[Result "1-0"]
[WhiteElo "2378"]
[BlackElo "2157"]
[PlyCount "107"]
[EventDate "2017.10.13"]
[EventType "team"]
[EventRounds "11"]
[EventCountry "AUT"]
[WhiteTeam "Bregenz"]
[BlackTeam "ASK Salzburg"]

1. Nf3 d5 2. g3 Bg4 3. Bg2 e6 4. c4 c6 5. O-O Nf6 6. d4 Be7 7. Nc3 O-O 8. h3
Bxf3 9. Bxf3 dxc4 10. e4 Nbd7 11. a4 Qa5 12. Be3 Rad8 13. Qc2 a6 14. Be2 c5 15.
Bxc4 Nb6 16. Ne2 Nxc4 17. Qxc4 cxd4 18. Nxd4 Qh5 19. Kg2 Qg6 20. f3 Rc8 21. Qb3
Bd6 22. Bf2 Nh5 23. Ne2 Rc7 24. Rfd1 Be5 25. Rac1 Rxc1 26. Rxc1 f5 27. exf5
Qxf5 28. Rc5 Qf6 29. f4 Nxf4+ 30. Nxf4 Bxf4 31. gxf4 Qxf4 32. Qxe6+ Kh8 33. Qe3
Qxa4 34. Qf3 Qe8 35. Re5 Qg6+ 36. Qg4 Qf7 37. Qe2 h6 38. Bd4 Qg6+ 39. Kh2 Rc8
40. Bc3 Qd6 41. Kg2 Qc6+ 42. Qf3 Qxf3+ 43. Kxf3 Rc7 44. Ke4 Kh7 45. Re6 Kg8 46.
Rg6 Kh7 47. Rb6 g5 48. Kf5 Rf7+ 49. Bf6 Rc7 50. Be5 Rf7+ 51. Bf6 Rc7 52. Re6 a5
53. Re8 Rc5+ 54. Be5  1-0

[Event "2. Bundesliga West 2017/18"]
[Site "Hotel Servus Europa"]
[Date "2018.03.10"]
[Round "10"]
[Board "4"]
[White "Juergens, Klaus"]
[Black "Hess, Max"]
[Result "0-1"]
[WhiteElo "2102"]
[BlackElo "2251"]
[PlyCount "88"]
[EventDate "2017.10.13"]
[EventType "team"]
[EventRounds "11"]
[EventCountry "AUT"]
[WhiteTeam "ASK Salzburg"]
[BlackTeam "Bregenz"]

1. Nf3 Nf6 2. c4 g6 3. Nc3 Bg7 4. e4 d6 5. d4 O-O 6. h3 e5 7. dxe5 dxe5 8. Be3
Nbd7 9. c5 Qe7 10. Qc2 c6 11. Rd1 Nxc5 12. Nd5 cxd5 13. Qxc5 Qxc5 14. Bxc5 Rd8
15. Be7 Rd7 16. Bxf6 Bxf6 17. Bb5 Rd8 18. Rxd5 Rxd5 19. exd5 Bf5 20. O-O Rd8
21. Bc4 b5 22. Bxb5 e4 23. Nh2 Rxd5 24. Bc4 Rd2 25. g4 Bd7 26. Re1 Bd4 27. Re2
Rxe2 28. Bxe2 Bxb2 29. Bc4 Kg7 30. Nf1 f5 31. gxf5 gxf5 32. Bd5 Kf6 33. Kg2 Ke5
34. Bg8 Be6 35. Bxe6 Kxe6 36. f3 Ke5 37. Kf2 Bd4+ 38. Ke2 Kf4 39. fxe4 fxe4 40.
Nd2 h5 41. a4 Bb6 42. Nf1 e3 43. a5 Bc5 44. a6 Bb6  0-1

[Event "2. Bundesliga West 2017/18"]
[Site "Hotel Servus Europa"]
[Date "2018.03.10"]
[Round "10"]
[Board "5"]
[White "Bezler, Rainer"]
[Black "Scheiblmaier, Robert"]
[Result "1/2-1/2"]
[WhiteElo "2197"]
[BlackElo "2183"]
[PlyCount "85"]
[EventDate "2017.10.13"]
[EventType "team"]
[EventRounds "11"]
[EventCountry "AUT"]
[WhiteTeam "Bregenz"]
[BlackTeam "ASK Salzburg"]

1. e4 e6 2. d4 d5 3. Nc3 Bb4 4. e5 Bd7 5. Bd2 a6 6. a3 Bxc3 7. Bxc3 Bb5 8.
Bxb5+ axb5 9. Qg4 g6 10. Qe2 Qd7 11. Nf3 b6 12. O-O Na6 13. h3 c5 14. dxc5 bxc5
15. b4 c4 16. Nd4 Nc7 17. Rfe1 Ne7 18. Qd2 h6 19. g4 Nc6 20. Nf3 Kd8 21. Qe3
Qe7 22. Nd4 Nxd4 23. Bxd4 Kc8 24. Bc5 Qd7 25. Qf4 Kb7 26. Re3 Rh7 27. Rf3 Ra4
28. Kg2 Ra8 29. Be3 Qc6 30. Qd4 Ra6 31. Rf6 Ra8 32. Kh2 Ne8 33. Rf3 Nc7 34. Bd2
Ra4 35. Re3 Qb6 36. Qf4 Qc6 37. Bc3 Qd7 38. Bd4 Qc6 39. Rf3 Qd7 40. Qd2 Qc6 41.
Rg1 Qd7 42. Rgg3 Na6 43. Qe1  1/2-1/2

[Event "2. Bundesliga West 2017/18"]
[Site "Hotel Servus Europa"]
[Date "2018.03.10"]
[Round "10"]
[Board "6"]
[White "Herrmann, Michael"]
[Black "Mira, Helene"]
[Result "1/2-1/2"]
[WhiteElo "2079"]
[BlackElo "2053"]
[PlyCount "79"]
[EventDate "2017.10.13"]
[EventType "team"]
[EventRounds "11"]
[EventCountry "AUT"]
[WhiteTeam "ASK Salzburg"]
[BlackTeam "Bregenz"]

1. c4 c6 2. Nf3 d5 3. b3 Nf6 4. Bb2 Bg4 5. Ne5 Bf5 6. g3 e6 7. Bg2 Nbd7 8. O-O
Nxe5 9. Bxe5 Bd6 10. Bb2 O-O 11. d3 Re8 12. Nd2 e5 13. cxd5 cxd5 14. e4 dxe4
15. dxe4 Be6 16. Qe2 Qb6 17. Nc4 Qa6 18. Rfc1 Rac8 19. f3 Bxc4 20. Rxc4 Rxc4
21. Qxc4 Qxc4 22. bxc4 Nd7 23. Rd1 Bc5+ 24. Kh1 Nb6 25. Bf1 Kf8 26. Bc3 f6 27.
Ba5 Ke7 28. Bxb6 Bxb6 29. Rd5 Rd8 30. Bh3 Rxd5 31. cxd5 Bc5 32. a4 Kd8 33. Kg2
Kc7 34. Kf1 Kb6 35. Bc8 Ka5 36. Bxb7 Kxa4 37. Ba6 Ka5 38. Bc4 Kb4 39. Ba6 Ka5
40. Bc4  1/2-1/2

[Event "2. Bundesliga West 2017/18"]
[Site "Hotel Servus Europa"]
[Date "2018.03.10"]
[Round "10"]
[Board "1"]
[White "Froewis, Georg"]
[Black "Bertagnolli, Alexander"]
[Result "1-0"]
[WhiteElo "2431"]
[BlackElo "2372"]
[PlyCount "135"]
[EventDate "2017.10.13"]
[EventType "team"]
[EventRounds "11"]
[EventCountry "AUT"]
[WhiteTeam "Hohenems II"]
[BlackTeam "Kufstein/Woergl"]

1. Nf3 d5 2. d4 Nf6 3. c4 e6 4. Nc3 Bb4 5. g3 O-O 6. Bg2 dxc4 7. O-O a6 8. Ne5
Nc6 9. Nxc6 bxc6 10. Qa4 Rb8 11. a3 Bxc3 12. bxc3 Bb7 13. Rb1 Qc8 14. Bg5 c5
15. Bxb7 Rxb7 16. Bxf6 gxf6 17. Qxc4 cxd4 18. cxd4 Rd8 19. e3 Qb8 20. Rbc1 Rd6
21. Rc3 Rb2 22. Rfc1 Qb7 23. Qxc7 Qxc7 24. Rxc7 Ra2 25. R7c3 Rb6 26. R1c2 Rxc2
27. Rxc2 Rb3 28. a4 Ra3 29. Rc4 f5 30. Kg2 Ra2 31. Kf3 Kg7 32. h3 h5 33. Rb4 a5
34. Rc4 Kg6 35. g4 hxg4+ 36. hxg4 fxg4+ 37. Kxg4 Rxf2 38. Rc5 Rf1 39. Rg5+ Kf6
40. Rxa5 Ke7 41. Kg3 Kd6 42. Kg2 Ra1 43. Kf3 Ra3 44. Ra7 f6 45. Ra8 e5 46.
dxe5+ Kxe5 47. a5 Kf5 48. a6 Kg6 49. Ke4 Ra4+ 50. Kd5 Ra5+ 51. Kc6 Ra3 52. Kb5
Rb3+ 53. Ka4 Rb1 54. Rc8 Ra1+ 55. Kb5 Rb1+ 56. Kc6 Ra1 57. Kb7 Rb1+ 58. Ka8 Rb3
59. a7 f5 60. Rb8 Rxe3 61. Kb7 Re7+ 62. Kb6 Rxa7 63. Kxa7 Kg5 64. Kb6 Kf4 65.
Kc5 Ke3 66. Re8+ Kd3 67. Rf8 Ke4 68. Kc4  1-0

[Event "2. Bundesliga West 2017/18"]
[Site "Hotel Servus Europa"]
[Date "2018.03.10"]
[Round "10"]
[Board "2"]
[White "Rusche, Johannes"]
[Black "Berchtenbreiter, Maximilian"]
[Result "1/2-1/2"]
[WhiteElo "2282"]
[BlackElo "2377"]
[PlyCount "80"]
[EventDate "2017.10.13"]
[EventType "team"]
[EventRounds "11"]
[EventCountry "AUT"]
[WhiteTeam "Kufstein/Woergl"]
[BlackTeam "Hohenems II"]

1. d4 Nf6 2. c4 c6 3. Nc3 d5 4. Nf3 a6 5. e3 b5 6. b3 Bg4 7. Be2 Nbd7 8. O-O e6
9. Bb2 Bd6 10. Rc1 O-O 11. h3 Bh5 12. Ne5 Bxe2 13. Nxe2 bxc4 14. bxc4 Qb8 15.
Rb1 Qc7 16. Nxd7 Qxd7 17. Qa4 Rfb8 18. Ba3 Rxb1 19. Rxb1 Bxa3 20. Qxa3 dxc4 21.
Qa4 c5 22. Qxc4 cxd4 23. Nxd4 h6 24. Qc6 Qd5 25. a4 e5 26. Qxd5 Nxd5 27. Nc6 f6
28. a5 Rc8 29. e4 Rxc6 30. exd5 Rc5 31. d6 Kf7 32. Rb7+ Ke6 33. Rxg7 Kxd6 34.
Rg6 Ke6 35. Rxh6 Kf7 36. Rh7+ Kg6 37. Ra7 Rxa5 38. g4 Ra4 39. Kg2 a5 40. Ra8
Kg7  1/2-1/2

[Event "2. Bundesliga West 2017/18"]
[Site "Hotel Servus Europa"]
[Date "2018.03.10"]
[Round "10"]
[Board "3"]
[White "Burschowsky, Matthias"]
[Black "Blaskowski, Johannes"]
[Result "1/2-1/2"]
[WhiteElo "2191"]
[BlackElo "2269"]
[PlyCount "109"]
[EventDate "2017.10.13"]
[EventType "team"]
[EventRounds "11"]
[EventCountry "AUT"]
[WhiteTeam "Hohenems II"]
[BlackTeam "Kufstein/Woergl"]

1. c4 e5 2. g3 d6 3. Bg2 g6 4. e3 Bg7 5. Ne2 Ne7 6. Nbc3 O-O 7. O-O c6 8. d4
Qc7 9. b3 f5 10. Bb2 Na6 11. Qd2 Bd7 12. Ba3 e4 13. d5 c5 14. f3 exf3 15. Bxf3
Rae8 16. Bb2 Qa5 17. Nf4 Nc7 18. Qc2 Nc8 19. Nd1 Be5 20. Nd3 Bxb2 21. Qxb2 b5
22. b4 cxb4 23. Nxb4 bxc4 24. Rb1 Nb6 25. Qd4 Nb5 26. Qf4 Na3 27. Rb2 Na4 28.
Qxd6 Nxb2 29. Nxb2 Nb5 30. Qc5 c3 31. Nc4 Qc7 32. Nc6 Bxc6 33. dxc6 Qb8 34.
Bd5+ Kg7 35. a4 Nc7 36. Nd6 Nxd5 37. Qxd5 Rxe3 38. Qd4+ Rf6 39. Qxe3 Qxd6 40.
Qxa7+ Rf7 41. Qe3 Qxc6 42. Rc1 Rc7 43. Qe5+ Kf8 44. a5 Qc5+ 45. Qxc5+ Rxc5 46.
a6 Rc7 47. Kf2 c2 48. Ke3 Rc6 49. a7 Ra6 50. Rxc2 Rxa7 51. Rb2 Kg7 52. Kf3 Kf6
53. Ke3 Kg5 54. Kf3 Ra3+ 55. Kg2  1/2-1/2

[Event "2. Bundesliga West 2017/18"]
[Site "Hotel Servus Europa"]
[Date "2018.03.10"]
[Round "10"]
[Board "4"]
[White "Neuschmied, Siegfried"]
[Black "Atlas, Dmitry"]
[Result "1-0"]
[WhiteElo "2155"]
[BlackElo "2174"]
[PlyCount "54"]
[EventDate "2017.10.13"]
[EventType "team"]
[EventRounds "11"]
[EventCountry "AUT"]
[WhiteTeam "Kufstein/Woergl"]
[BlackTeam "Hohenems II"]

1. e4 e6 2. d4 d5 3. Bd3 Nf6 4. e5 Nfd7 5. f4 c5 6. c3 Nc6 7. Nf3 Qb6 8. Bc2
cxd4 9. cxd4 Nb4 10. O-O Nxc2 11. Qxc2 Be7 12. Nc3 f5 13. Be3 O-O 14. Kh1 Nb8
15. g4 Nc6 16. gxf5 exf5 17. Rg1 Bd7 18. Rg3 Be8 19. Qg2 Rf7 20. Rg1 Bf8 21.
Ng5 Ne7 22. h3 g6 23. Qd2 Qa6 24. Nd1 Qxa2 25. Nf2 h5 26. Nxf7 Kxf7 27. R3g2
Bh6 {49 moves}  1-0

[Event "2. Bundesliga West 2017/18"]
[Site "Hotel Servus Europa"]
[Date "2018.03.10"]
[Round "10"]
[Board "5"]
[White "Hofer, Emilian"]
[Black "Atzl, Florian"]
[Result "1-0"]
[WhiteElo "2136"]
[BlackElo "2107"]
[PlyCount "37"]
[EventDate "2017.10.13"]
[EventType "team"]
[EventRounds "11"]
[EventCountry "AUT"]
[WhiteTeam "Hohenems II"]
[BlackTeam "Kufstein/Woergl"]

1. e4 e5 2. Nf3 Nc6 3. Bb5 Nge7 4. O-O g6 5. c3 Bg7 6. d4 exd4 7. cxd4 O-O 8.
d5 Nb8 9. d6 Nec6 10. Nc3 a6 11. dxc7 Qxc7 12. Nd5 Qd8 13. Bc4 b5 14. Bg5 Qa5
15. Bd3 d6 16. b4 Nxb4 17. Bd2 Bxa1 18. Qxa1 Qxa2 19. Ne7#  1-0

[Event "2. Bundesliga West 2017/18"]
[Site "Hotel Servus Europa"]
[Date "2018.03.10"]
[Round "10"]
[Board "6"]
[White "Kruckenhauser, Arthur"]
[Black "Uhlmann, David"]
[Result "0-1"]
[WhiteElo "1990"]
[BlackElo "2112"]
[PlyCount "88"]
[EventDate "2017.10.13"]
[EventType "team"]
[EventRounds "11"]
[EventCountry "AUT"]
[WhiteTeam "Kufstein/Woergl"]
[BlackTeam "Hohenems II"]

1. e4 c5 2. Ne2 g6 3. c4 Nc6 4. d4 cxd4 5. Nxd4 Bg7 6. Be3 Nf6 7. Nc3 Ng4 8.
Qxg4 Nxd4 9. Qd1 e5 10. Nb5 d6 11. Nxd4 exd4 12. Bxd4 Qa5+ 13. Ke2 Be5 14. f3
Be6 15. Kf2 O-O 16. Be2 f5 17. exf5 Rxf5 18. Qd3 Rf4 19. Bxe5 dxe5 20. b3 e4
21. Qe3 Raf8 22. Rhd1 Bg4 23. Kg1 exf3 24. gxf3 Qg5 25. Kh1 Bh5 26. Rd5 Qf6 27.
Rf1 Bxf3+ 28. Bxf3 Rxf3 29. Qxf3 Qxf3+ 30. Rxf3 Rxf3 31. Rd8+ Kg7 32. Rd7+ Rf7
33. Rxf7+ Kxf7 34. Kg2 Ke6 35. Kf3 Ke5 36. Ke3 g5 37. b4 h5 38. Kf3 Kd4 39. c5
Kd5 40. a3 a6 41. Ke3 Kc4 42. Ke4 Kb3 43. Kf5 Kxa3 44. Kxg5 Kxb4  0-1

[Event "2. Bundesliga West 2017/18"]
[Site "Hotel Servus Europa"]
[Date "2018.03.11"]
[Round "11"]
[Board "1"]
[White "Sulava, Nenad"]
[Black "Bilchinski, Anton"]
[Result "1/2-1/2"]
[WhiteElo "2452"]
[BlackElo "2295"]
[PlyCount "46"]
[EventDate "2017.10.13"]
[EventType "team"]
[EventRounds "11"]
[EventCountry "AUT"]
[WhiteTeam "Sparkasse Neumarkt"]
[BlackTeam "Pradl"]

1. d4 Nf6 2. c4 e6 3. g3 d5 4. Bg2 Be7 5. Nf3 O-O 6. Qc2 c5 7. dxc5 Qa5+ 8. Nc3
Qxc5 9. cxd5 Nxd5 10. Bd2 Bd7 11. Rc1 Nxc3 12. Bxc3 Bc6 13. h4 Qf5 14. Qxf5
exf5 15. Kf1 Nd7 16. h5 Rac8 17. Nd4 Bxg2+ 18. Kxg2 g6 19. Rcd1 Nc5 20. Nb5 a6
21. Nd6 Bxd6 22. Rxd6 Ne4 23. Rd7 Nxc3  1/2-1/2

[Event "2. Bundesliga West 2017/18"]
[Site "Hotel Servus Europa"]
[Date "2018.03.11"]
[Round "11"]
[Board "2"]
[White "Eybl, Alexander"]
[Black "Gara, Anita"]
[Result "0-1"]
[WhiteElo "2270"]
[BlackElo "2382"]
[PlyCount "58"]
[EventDate "2017.10.13"]
[EventType "team"]
[EventRounds "11"]
[EventCountry "AUT"]
[WhiteTeam "Pradl"]
[BlackTeam "Sparkasse Neumarkt"]

1. d4 Nf6 2. Bg5 d5 3. Nd2 c5 4. dxc5 Qa5 5. Bxf6 gxf6 6. c3 Qxc5 7. g3 e6 8.
Bg2 Nc6 9. Ngf3 f5 10. O-O Bg7 11. e3 O-O 12. a4 b6 13. Nd4 Ne5 14. c4 Ba6 15.
cxd5 Bxf1 16. Qxf1 Rae8 17. Qa6 Ng4 18. N2b3 Qb4 19. Qb5 Qd6 20. a5 bxa5 21.
Rxa5 Rb8 22. Qe2 Rfc8 23. dxe6 fxe6 24. Nxe6 Rxb3 25. Bd5 Rc1+ 26. Kg2 Rxb2 27.
Nd4+ Qxd5+ 28. Rxd5 Rxe2 29. Nxe2 Rc2  0-1

[Event "2. Bundesliga West 2017/18"]
[Site "Hotel Servus Europa"]
[Date "2018.03.11"]
[Round "11"]
[Board "3"]
[White "Manakov, Ilya"]
[Black "Doskocil, Klaus"]
[Result "1-0"]
[WhiteElo "2376"]
[BlackElo "2239"]
[PlyCount "73"]
[EventDate "2017.10.13"]
[EventType "team"]
[EventRounds "11"]
[EventCountry "AUT"]
[WhiteTeam "Sparkasse Neumarkt"]
[BlackTeam "Pradl"]

1. c4 d6 2. g3 g6 3. Bg2 Bg7 4. Nc3 Nd7 5. e3 e5 6. Nge2 Ne7 7. O-O O-O 8. d3
Kh8 9. Rb1 f5 10. f4 c6 11. b4 Qc7 12. b5 c5 13. Qb3 Rb8 14. b6 Qxb6 15. Qxb6
axb6 16. Nb5 Rf6 17. Bb2 Nc6 18. Rfd1 h6 19. Nec3 g5 20. Nd5 Rg6 21. e4 Nf6 22.
exf5 Bxf5 23. Ne3 gxf4 24. Nxf5 fxg3 25. hxg3 Ng4 26. Nbxd6 Rf8 27. Rf1 Nd4 28.
Bxd4 exd4 29. Nxg7 Kxg7 30. Rxf8 Kxf8 31. Rf1+ Ke7 32. Nf5+ Kd7 33. Bxb7 Ne3
34. Nxe3 dxe3 35. Rf3 e2 36. Kf2 Re6 37. Be4  1-0

[Event "2. Bundesliga West 2017/18"]
[Site "Hotel Servus Europa"]
[Date "2018.03.11"]
[Round "11"]
[Board "4"]
[White "Meier, Alexander"]
[Black "Kaspret, Guido"]
[Result "1/2-1/2"]
[WhiteElo "2210"]
[BlackElo "2273"]
[PlyCount "93"]
[EventDate "2017.10.13"]
[EventType "team"]
[EventRounds "11"]
[EventCountry "AUT"]
[WhiteTeam "Pradl"]
[BlackTeam "Sparkasse Neumarkt"]

1. e4 c6 2. Ne2 e5 3. d4 d6 4. dxe5 dxe5 5. Qxd8+ Kxd8 6. f4 Nd7 7. Nbc3 Ngf6
8. h3 Bb4 9. a3 Ba5 10. b4 Bc7 11. f5 a5 12. Rb1 axb4 13. axb4 Nb6 14. g4 h6
15. Ng3 Ke7 16. Bd3 Bd6 17. O-O Bd7 18. Be3 Na4 19. Nce2 b5 20. Rfd1 Rhb8 21.
Kf2 c5 22. c3 Rc8 23. Rd2 cxb4 24. cxb4 Nc3 25. Rb3 Nxe2 26. Bxe2 Ra4 27. Rdb2
Rca8 28. h4 Ra3 29. g5 hxg5 30. hxg5 Ne8 31. Kf3 Rxb3 32. Rxb3 Ra4 33. Bd2 Bc6
34. Nf1 Nc7 35. Ne3 Ra2 36. Rd3 f6 37. gxf6+ gxf6 38. Ng4 Ne8 39. Be1 Bxe4+ 40.
Kxe4 Rxe2+ 41. Re3 Rb2 42. Kd5 Bxb4 43. Nxe5 fxe5 44. Rxe5+ Kd7 45. Bxb4 Rxb4
46. Kc5 Rb1 47. Rd5+  1/2-1/2

[Event "2. Bundesliga West 2017/18"]
[Site "Hotel Servus Europa"]
[Date "2018.03.11"]
[Round "11"]
[Board "5"]
[White "Wuppinger, Manfred"]
[Black "Everett, Elijah"]
[Result "0-1"]
[WhiteElo "2066"]
[BlackElo "2190"]
[PlyCount "120"]
[EventDate "2017.10.13"]
[EventType "team"]
[EventRounds "11"]
[EventCountry "AUT"]
[WhiteTeam "Sparkasse Neumarkt"]
[BlackTeam "Pradl"]

1. e4 c5 2. c3 Nf6 3. e5 Nd5 4. d4 cxd4 5. Qxd4 e6 6. Nf3 Nc6 7. Qe4 f5 8. exf6
Nxf6 9. Qh4 e5 10. Bg5 d5 11. Bb5 Bd6 12. Bxf6 Qxf6 13. Qxf6 gxf6 14. Nbd2 a6
15. Ba4 Be6 16. O-O-O Kf7 17. Nc4 Bc5 18. Ne3 Rhd8 19. Bb3 d4 20. Bxe6+ Kxe6
21. cxd4 Nxd4 22. Nxd4+ Bxd4 23. Kb1 f5 24. g3 f4 25. gxf4 exf4 26. Ng2 Kf5 27.
f3 Bf6 28. Rhe1 h5 29. Rc1 Rac8 30. Rxc8 Rxc8 31. Re4 Bg5 32. h4 Bh6 33. Re7
Rg8 34. Rf7+ Ke5 35. Re7+ Kd4 36. Rd7+ Kc4 37. Ne1 Rg1 38. Re7 Bg7 39. Kc2 Bd4
40. b3+ Kb5 41. Kd3 Bf6 42. a4+ Kc5 43. Rf7 Rxe1 44. Rxf6 Re3+ 45. Kc2 Rxf3 46.
Rf5+ Kd4 47. Rxh5 Rf2+ 48. Kd1 Rb2 49. Rf5 Ke3 50. h5 Rxb3 51. h6 Rb1+ 52. Kc2
Rh1 53. Rf7 Rxh6 54. Rxb7 f3 55. Re7+ Kf2 56. Kc3 Kf1 57. Kd3 f2 58. Rg7 Rf6
59. Kd2 Rf4 60. a5 Rf5  0-1

[Event "2. Bundesliga West 2017/18"]
[Site "Hotel Servus Europa"]
[Date "2018.03.11"]
[Round "11"]
[Board "6"]
[White "Praxmarer, Christian"]
[Black "Egger, Martin"]
[Result "1/2-1/2"]
[WhiteElo "1974"]
[BlackElo "2065"]
[PlyCount "128"]
[EventDate "2017.10.13"]
[EventType "team"]
[EventRounds "11"]
[EventCountry "AUT"]
[WhiteTeam "Pradl"]
[BlackTeam "Sparkasse Neumarkt"]

1. f4 d5 2. Nf3 g6 3. g3 Bg7 4. Bg2 c6 5. O-O Qb6+ 6. d4 Nh6 7. c3 O-O 8. Re1
Bg4 9. Qb3 Bxf3 10. Bxf3 Qxb3 11. axb3 f5 12. b4 e6 13. Na3 a6 14. b3 Nd7 15.
h3 Nf6 16. Kg2 Nf7 17. Be3 Nd6 18. Rec1 Nfe4 19. Nb1 Nb5 20. Rc2 Rac8 21. Bc1
Bf6 22. Bb2 h6 23. e3 Ra8 24. Be2 Nbd6 25. c4 Be7 26. Nc3 Nxc3 27. Bxc3 Ne4 28.
Be1 Nd6 29. Rca2 Rac8 30. Bd3 Kf7 31. Kf3 Rg8 32. Rg2 Ra8 33. Ra5 Bd8 34. Raa2
Be7 35. Rgc2 g5 36. g4 fxg4+ 37. hxg4 Kf6 38. Rh2 Rh8 39. Rh5 Kg7 40. Bg3 Nf7
41. Be1 Nd6 42. Bg3 Nf7 43. c5 Bf6 44. Bf2 Rhf8 45. Ke2 Rh8 46. Kd2 Rhe8 47.
Kc3 Rh8 48. Bg3 Rhe8 49. Rh1 Rh8 50. Rf2 Rae8 51. Rhf1 Rhf8 52. Rf3 Rd8 53. Bf2
Rde8 54. Re1 Rh8 55. Rh3 Ra8 56. Ra1 Rae8 57. Bg3 Ra8 58. Rh2 Rae8 59. Be2 Ra8
60. Rf2 Rae8 61. Raf1 Rhf8 62. Kd3 Ra8 63. Ra1 Rad8 64. Ra3 Rde8  1/2-1/2